000 00952nmc a2200337 a 4500
003 AR-BaBNM
005 20251128204758.0
008 011101s1992 ||||||||||||||000 | spa||
020 _a968-16-0286-2
040 _cAR-BaBNM
100 1 _aDuverger, Maurice
245 1 0 _aLos partidos políticos
250 _a1ª ed.
260 _aMéxico, D.F.
_bFondo de Cultura Económica
_c1992
300 _a461 p.
_bcuadros, tablas, mapas
490 0 _aSección de obras de política y derecho
500 _aContiene índice bibliográfico en p. 455-457
650 4 _aPARTIDOS POLITICOS
650 4 _aSOCIOLOGIA
650 4 _aESTRUCTURAS
650 4 _aCLASE DIRIGENTE
650 4 _aPARTICIPACION
650 4 _aSISTEMAS POLITICOS
650 4 _aGOBIERNO
650 4 _aAUTORIDAD
650 4 _aOPOSICION POLITICA
700 1 _aCampos, Julieta
_etraductor
700 1 _aGonzález Pedrero, Enrique
_etraductor
942 _cBK
998 _cGLORIA
999 _c8790
_d8790